000 02542nam1a2200349 i 4500
001 rc\3571052
005 20240921141620.0
035 _a(NLR Aleph) 007800650
090 _a7681756
_c7681756
100 _a20130115g19729999u y0rusy50 ca
101 0 _arus
102 _aRU
105 _a z |||||
200 1 _aПроблемное обучение в школах Татарии
_eМетод. пособие
_e[Сборник статей материалов научно-методической конференции по вопросам теории и практики проблемного обучения, Казань, 1972, а также научно-методического семинара по совершенствованию учебно-воспитательного процесса, г. Набережные Челны, март 1974 года
_eВ 4 вып.]
_fПод ред. [и с предисл.] чл.-кор. АПН СССР М.И. Махмутова. Вып. 1-
_gМ-во просвещения Татар. АССР. Казан. дидакт. лаб. НИИ общей педагогики АПН СССР. Татар. ин-т усовершенствования учителей
210 _aКазань
_cИзд-во Казан. ун-та
_d1972
215 _d20
300 _aНа обороте тит. л. сост.: Л.А. Могильнер, Н.Ш. Хайритдинова, В.К. Холявин, В.С. Чихирева
606 1 _aШколы
_jМетодические пособия
_xПреподавание
_yТатарская АССР
_92539461
_3RU\NLR\AUTH\6601717090
686 1 _aЧ421.2я8
702 1 _aКолявин
_bВ.К.
_4220
702 1 _aЧихирева
_bВ.С.
_4220
702 1 _aМогильнер
_bЛ.А.
_4220
702 1 _aХайритдинова
_bН.Ш.
_4220
702 1 _aМахмутов
_bМ.И.
_gМирза Исмаилович
_4340
_4080
711 1 2 _aНаучно-методическая конференция по вопросам теории и практики проблемного обучения
_eКазань
_f1972
_9830388
_3RU\NLR\AUTH\880582286
711 1 2 _aНаучно-методический семинар по совершенствованию учебно-воспитательного процесса
_eНабережные Челны
_f1974
_9830390
_3RU\NLR\AUTH\880582287
801 0 _aRU
_bNLR
_gpsbo
801 1 _aRU
_bELAR
_2rusmarc
852 _aNLR
_j73-3/278
942 _cBOOK